Tan locos como sabios : vivir como filósofos /

Obra que relata las anécdotas acontecidas a algunos filósofos de la Grecia y la Roma antigua, que develan no la rigidez de sus doctrinas, sino la manera como se conducían en la vida cotidiana y que el autor recrea a partir de los indicios encontrados en los textos griegos y latinos.

Gardado en:
Detalles Bibliográficos
Autor Principal: Droit, Roger-Pol (autor)
Outros autores: Tonnac, Jean-Philippe de (autor) (autor), Mayer, Marcos Pablo (traducción) (traducción)
Formato: Libro
Idioma:Lingua castelá
Publicado: Buenos Aires, Argentina : Fondo de Cultura Económica, 2004, c2003
Series:(Sección de Obras de Filosofía)
Temas:
Etiquetas: Engadir etiqueta
Sen Etiquetas, Sexa o primeiro en etiquetar este rexistro!

MARC

LEADER 00000nam^a2200000^a^4500
001 000181735
005 20250521000000.0
009 20260310101942.74
020 |a 950-557-587-4 
037 |a Acervo ITESO - Biblioteca 
041 |a ESP 
082 |a 140. 92  |b DRO 
100 |a Droit, Roger-Pol  |e (autor) 
245 1 0 |a Tan locos como sabios :  |b vivir como filósofos /  |c R.P. Droit, J.P. de Tonnac ; tr. por M.P. Mayer. 
264 4 |a Buenos Aires, Argentina :  |b Fondo de Cultura Económica,  |c 2004, c2003 
300 |a 201 p. 
336 |a texto  |b txt  |2 rdacontenido 
337 |a sin mediación  |b n  |2 rdamedio 
338 |a volumen  |b nc  |2 rdasoporte 
440 1 |a (Sección de Obras de Filosofía) 
500 |a Traducción de: Fous comme des sages 
520 |a Obra que relata las anécdotas acontecidas a algunos filósofos de la Grecia y la Roma antigua, que develan no la rigidez de sus doctrinas, sino la manera como se conducían en la vida cotidiana y que el autor recrea a partir de los indicios encontrados en los textos griegos y latinos. 
649 |a XX 
650 |a Filósofos Griegos -  |x Biografías 
650 |a Filósofos Latinos -  |x Biografías 
650 |a Vida Cotidiana 
650 |a Filosofía Griega -  |x Historia y Crítica 
650 |a Filosofía Latina -  |x Historia y Crítica 
650 |a Filosofía Clásica -  |x Historia y Crítica 
700 |a Tonnac, Jean-Philippe de  |e (autor) 
700 |a Mayer, Marcos Pablo  |e (traducción) 
910 |a Fondo General 
920 |a Impresos - Libros 
930 |a Colección General 
905 |a 101 
901 |a 0500121542  |b IT1  |c ACC  |u 20250521 
902 |a https://opac.biblio.iteso.mx/vufind/Record/000181735